Formula 1 driver numbers - Statistics

General Stats
  • This quiz has been taken 45 times
    40 since last reset
  • The average score is 20 of 24
Answer Stats
Hint Answer % Correct
Max Verstappen 1
100%
Charles Leclerc 16
100%
Lando Norris 4
100%
Lewis Hamilton 44
100%
Carlos Sainz 55
100%
George Russell 63
95%
Oscar Piastri 81
95%
Pierre Gasly 10
92%
Checo Perez 11
92%
Fernando Alonso 14
89%
Esteban Ocon 31
89%
Yuki Tsunoda 22
87%
Daniel Ricciardo 3
87%
Lance Stroll 18
84%
Logan Seargant 2
84%
Nico Hulkenberg 27
84%
Alex Albon 23
82%
Valteri Bottas 77
82%
Kevin Magnussen 20
76%
Franco Colapinto 43
63%
Jack Doohan 61
63%
Zhou Guanyu 24
61%
Liam Lawson 30
61%
Ollie Bearman 50
34%
No matching quizzes found
Score Distribution
Percent of People with Each Score
Percentile by Number Answered
Your Score History
You have not taken this quiz since the last reset